[Event "Malakoff op 09th"]
[Site "Malakoff"]
[Date "2009.04.15"]
[Round "7"]
[White "Kozhuharov, Spas"]
[Black "Guilleux, Fabien"]
[Result "1/2-1/2"]
[WhiteElo "2397"]
[BlackElo "2313"]
[Annotator "Malakoff/Primel,D"]
[PlyCount "23"]
[EventDate "2009.04.11"]
[EventType "swiss"]
[EventRounds "9"]
[EventCountry "FRA"]
[SourceTitle "EXT 2010"]
[Source "ChessBase"]
[SourceDate "2010.11.25"]
[SourceVersion "1"]
[SourceVersionDate "2010.11.25"]
[SourceQuality "1"]

1. c4 {1h30} Nf6 {1h27} 2. Nf3 c5 3. Nc3 d5 4. cxd5 Nxd5 5. e4 $5 Nb4 6. d3 $6
{il n'est pas logique de vouloir jouer une variante tranchante et risquée avec
5.e4 mais qui nécessite des connaissances pointues, puis au coup suivant
d'opter pour une ligne ne donnant rien aux blancs} (6. Bb5+ $142 N8c6 7. d4
cxd4 8. a3 dxc3 9. Qxd8+ Kxd8 10. axb4 cxb2 11. Bxb2 f6 {Timman,J (2625)-Bohm,
H (2410) NED-ch Leeuwarden 1979 (5) 1-0} (11... e6 12. O-O f6) (11... Bd7 $5 {
Primel,D (2113)-Berthelot,Y (2334) Gorges op 2005 (7) 0-1})) (6. Bc4 $142 {
l'alternative} Nd3+ (6... Be6 $5) 7. Ke2 Nf4+ 8. Kf1 Ne6 9. b4 $1 cxb4 10. Ne2
Nc7 11. d4 {[%csl Gd4,Ge4]} e6 12. h4 $1 {[%cal Gh1h3];Filippov,V (2639)-Van
Wely,L (2651) FIDE-Wch k.o. 2004 (2.1) 1-0}) (6. Ne5 $5 $146 {Levenfish,
G-Alatortsev,V 14th Leningrad-Moscow Match 1937 1-0}) 6... N8c6 $11 {1h15} (
6... Bg4 {[%csl Gd4]}) 7. a3 Na6 8. Be2 (8. Be3 {[%csl Gd4]} e5 {RR} 9. Be2 Bd6
10. O-O O-O 11. Nd2 Nc7 12. Rc1 Ne6 13. Bg4 b6 14. Nc4 Be7 15. Nd5 Bd7 16. b4
cxb4 17. axb4 Rc8 18. Qd2 Bf6 19. Qa2 Bg5 20. Nd6 Nf4 21. Bxd7 Nxg2 22. Bxc8
Nxe3 23. fxe3 Qxd6 {Milov,V (2690)-Stefanova,A (2538)/Baku 2008/CBM 124 Extra/
1-0}) 8... g6 9. O-O Bg7 10. Be3 $146 ({RR} 10. h3 O-O 11. Be3 Nd4 12. Rb1 Be6
13. Ne1 Bb3 14. Qd2 e5 15. Bd1 Bxd1 16. Qxd1 Nc7 17. Rc1 b5 18. Ne2 Nce6 19.
Nxd4 cxd4 20. Bd2 Rc8 21. Nf3 Rxc1 22. Bxc1 Qd7 23. Bd2 Rc8 24. Qb1 Rc6 {
Orso,M (2341)-Papp,Z (2171)/Budapest 2000/EXT 2001/0-1 (45)}) 10... O-O 11. Rc1
Bg4 {[%csl Gd4] 1h08} 12. Na4 1/2-1/2

[Event "Norway Chess 2nd"]
[Site "Stavanger"]
[Date "2014.06.09"]
[Round "6"]
[White "Grischuk, Alexander"]
[Black "Svidler, Peter"]
[Result "1/2-1/2"]
[WhiteElo "2792"]
[BlackElo "2753"]
[Annotator "Marin,M"]
[PlyCount "61"]
[EventDate "2014.06.03"]
[EventType "tourn"]
[EventRounds "9"]
[EventCountry "NOR"]
[EventCategory "21"]
[SourceTitle "CBM 161"]
[Source "ChessBase"]
[SourceDate "2014.07.16"]
[SourceVersion "1"]
[SourceVersionDate "2014.07.16"]
[SourceQuality "1"]

1. Nf3 c5 2. c4 Nf6 3. Nc3 ({In order to understand Grischuk's decision on
move 7, it is useful to remember a game of his with a similar structure but
with reversed colours:} 3. d4 cxd4 4. Nxd4 Nc6 5. g3 e5 6. Nb5 Bb4+ 7. N1c3 d6
{Kramnik,V (2785)-Grischuk,A (2747) Kazan 2011 CBM 143 [Marin,M] (1/2-1/2, 40).
Just one of Grischuk's weapons to neutralise Kramnik's Whites.}) 3... d5 4.
cxd5 Nxd5 5. e4 Nb4 6. Bb5+ N8c6 7. d3 $5 {This was played only once before,
in a game between strong women players.} ({The usual continuation is} 7. d4
cxd4 8. a3 {as, for instance, in the recent Grigoriants,S (2574)-Volokitin,A 
(2674) Yerevan 2014 CBM 160 [Ftacnik,L] (1-0, 37)}) 7... a6 8. Bxc6+ Nxc6 9.
Be3 e5 $1 $146 {Fighting for space in the centre.} (9... e6 $6 {leaves White
too much freedom in the centre.} 10. O-O Be7 11. Na4 b6 12. d4 $14 {
Kovalevskaya,E (2450)-Stefanova,A (2549) Dagomys 2009 (1-0, 25)}) 10. Rc1 b6
11. b4 $5 {Thematic, spectcular, but possibly not promising an advantage.} Nxb4
$1 (11... cxb4 $2 12. Na4 $16) 12. Nxe5 Bd6 13. a3 Bxe5 14. axb4 cxb4 15. Nd5
O-O 16. Bxb6 Qg5 17. O-O Bh3 18. Qf3 Bg4 19. Qe3 Qxe3 20. fxe3 Be2 21. Rf5 f6
22. Nxb4 a5 23. Nc6 Bxd3 24. Nxe5 fxe5 25. Rxe5 a4 26. Ra1 Rfb8 27. Bd4 Kf7 28.
Rf5+ Kg8 29. Re5 Kf7 30. Rf5+ Kg8 31. Re5 1/2-1/2

[Event "Tata Steel-A 74th"]
[Site "Wijk aan Zee"]
[Date "2012.01.24"]
[Round "9"]
[White "Aronian, Levon"]
[Black "Caruana, Fabiano"]
[Result "1-0"]
[WhiteElo "2805"]
[BlackElo "2736"]
[Annotator "Marin,M"]
[PlyCount "93"]
[EventDate "2012.01.14"]
[EventType "tourn"]
[EventRounds "13"]
[EventCountry "NED"]
[EventCategory "21"]
[SourceTitle "CBM 147"]
[Source "ChessBase"]
[SourceDate "2012.03.16"]
[SourceVersion "1"]
[SourceVersionDate "2012.03.16"]
[SourceQuality "1"]

1. Nf3 c5 2. c4 Nc6 3. Nc3 e5 4. e3 Nf6 {This has become very popular lately,
thanks to Grischuk's efforts during the Kazan Candidates Matches.} 5. d4 (5. a3
{1/2 Aronian,L (2808)-Grischuk,A (2747)/Kazan 2011/CBM 143/[Marin] (61)}) 5...
cxd4 (5... e4 6. Ne5 g6 7. Be2 (7. Rb1 {1/2 Kramnik,V (2785)-Grischuk,A (2747)/
Kazan 2011/CBM 143/[Marin] (65)}) 7... Bg7 8. O-O O-O 9. b3 {1-0 Kramnik,V 
(2781)-Nepomniachtchi,I (2711)/Moscow 2011/CBM 144/[Marin,M] (53)}) 6. exd4 e4
7. Ne5 Bb4 8. Be2 {Many years ago, I had this as a main line in my repertoire,
but at the top level it took some time before White came up with dangerous
ideas. This game may change the course of theory for a while.} Qa5 {This is
the critical continuation, putting pressure on both white knights. Other plans
allow White to retain at least some advantage.} (8... Qe7 9. Bf4 Bd6 10. Nb5
Bb8 11. c5 Nxe5 12. dxe5 Bxe5 13. Nd6+ $16 {Sherbakov,R (2555)-Maksimenko,A 
(2545)/Niksic 1996/EXT 2000 (1-0, 32)}) (8... O-O 9. O-O Re8 10. Bf4 Bf8 (10...
Qb6 11. c5 Qd8 12. Qb3 Nxe5 13. dxe5 Bxc3 14. bxc3 Qc7 15. e6 $1 $18 {Rozum,I 
(2481)-Duzhakov,I (2325)/St Petersburg 2011/CBM 144 Extra (1-0, 30)}) 11. c5 ({
Maybe} 11. Rb1 $5 {[%cal Gb2b4] offers better chances for retaining the
initiative.} d6 12. Nxc6 bxc6 13. b4 $14) 11... d6 (11... d5 12. Nxc6 bxc6 13.
b4 $16 {Moskalenko,V (2460)-Aseev,K (2455)/Lvov 1985/MCD (0-1, 51)}) 12. cxd6 {
1/2 Ivkov,B (2525)-Karlsson,L (2520)/Cannes 1986/MCL. After} Bxd6 {White could
try to maintain some tension with} 13. Bb5 $5) 9. O-O $5 {A radical way of
fighting for the initiative.} (9. Nxc6 dxc6 10. Bd2 {is not a bad continuation,
either. White aims to stabilise the position on the dark squares, while Black
should try to get dynamic counterchances. In other words, the opposite of what
happens in the main game! I had tried this line once with White, but lost and
got disappointed. I can see now that my decision was quite subjective.} O-O 11.
O-O Re8 12. a3 Bxc3 13. Bxc3 Qg5 14. Qc1 $5 (14. Bd2 Qg6 15. Bf4 Bh3 16. Bg3
Bg4 $132 {Kharlov,A (2628)-Jakovenko,D (2608)/Sochi 2005/CBM 107/[Ribli] (0-1,
38)}) 14... e3 $1 {Curiously, this (apparently best) solution to Black's
problems was offered by a recent game in which Grischuk played with White!
Black prevents the blockade on the dark squares while this is still possible.}
({My old game went} 14... Qg6 15. Qf4 h5 16. Rfe1 Bg4 17. Bf1 h4 18. h3 Bxh3
19. Qxh4 Bg4 20. Re3 $14 {Marin,M (2557)-Movsesian,S (2666)/Neum 2000/CBM 080/
[Ribli] (0-1, 33). Ribli's comments may have been influenced by my pessimism
displayed in the notes for Chess Informant. In fact, White is doing well at
this point.}) (14... Qh4 15. d5 cxd5 16. g3 Qh3 17. Bxf6 gxf6 18. cxd5 Bg4 19.
Bxg4 Qxg4 20. Qe3 b6 21. Rad1 Rad8 22. Rd4 $14 {Meier,G (2648)-Dominguez Perez,
L (2710)/Lubbock 2011/CBM 145 (1/2, 34)}) 15. fxe3 Bg4 {The game embarks now a
simplifying course, leading to a drawn pawn ending.} 16. Bf3 Qxe3+ 17. Qxe3
Rxe3 18. Bxg4 Nxg4 19. h3 Nf6 20. Rae1 Rae8 21. Kf2 Rxe1 22. Rxe1 Rxe1 23. Bxe1
Kf8 24. Ke3 Ke7 25. Bh4 Ke6 26. Bxf6 Kxf6 27. Kf4 Ke6 28. g4 f6 $11 {Grischuk,
A (2752)-Dominguez Perez,L (2712)/Beijing 2011/CBM 145 Extra (1/2, 34)}) 9...
Nxe5 (9... Bxc3 10. bxc3 Qxc3 {needs to be checked, too, but it seems that
White has several ways of getting a strong initiative for the pawn(s).} 11.
Nxc6 (11. Be3 Nxe5 12. Rc1 Qa5 13. dxe5 Qxe5 14. Bd4 Qe6 15. Rc3 $40) 11...
dxc6 (11... Qxa1 $2 12. Qd2 $3 $16 {[%csl Ra1,Rg7][%cal Gc1a3,Gd2g5] /\Ba3, /
\Qg5}) 12. Rb1 O-O 13. Bf4 $44) 10. dxe5 Qxe5 (10... Bxc3 11. bxc3 Qxc3 $2 12.
Qd6 $1 $18 Qxa1 $140 13. Ba3) 11. Bd2 $5 {So far, it has been relatively easy
for Black to choose the safest continuation, but now he starts facing choices.}
Bc5 {Possibly not the best. Retreating without really being forced to looks
like a small concession.} (11... O-O $6 {loses the extra pawn and offers White
an advantage for nothing:} 12. Nxe4 $1 Bxd2 13. Nxf6+ Qxf6 14. Qxd2 $14) ({
Intuitively, I would prefer} 11... a5 {, although the queenside tension may
cause some additional problems if play continues more or less as in the game:}
12. a3 Bc5 13. Nb5 O-O 14. b4 Be7) 12. Nb5 O-O 13. b4 Be7 ({Giving up the
bishop pair with} 13... Bd4 {is an open invitation to troubles, since Black is
underdeveloped and his dark squares are weak.} 14. Nxd4 Qxd4 15. Bf4 Qxd1 16.
Rfxd1 b6 17. a4 Bb7 18. a5 {This is not bad, but maybe White could get even
more.} (18. g4 $5 h6 19. h4) (18. Rd6 $5) 18... d5 19. a6 Bc6 20. b5 Bd7 21.
Bg5 Be6 22. Bxf6 gxf6 23. cxd5 Bd7 24. f3 exf3 25. gxf3 $14 {Buhmann,R (2579)
-Gschnitzer,O (2444)/Bonn 2011/CBM 142 Extra (1-0, 46)}) 14. f4 $1 {An
energetic move, causing Black problems with finding a safe square for the
queen.} Qe6 $146 (14... exf3 $6 15. Bxf3 $16 {/\Re1}) (14... Qb8 15. f5 d6 16.
Bf4 a5 {Well, Black plays this anyway, but White is not forced to answer with
a2-a3 anymore.} 17. c5 Bd7 18. cxd6 Bd8 19. Nc7 Qa7+ 20. Kh1 Rc8 21. b5 $36 {
Kribben,M (2504)-Logdahl,H/ICCF email 2003/Corr 2006 (1-0, 26)}) 15. Be3 $1 {
[%csl Ra8,Gb6,Re6][%cal Gb5c7] /\Nc7} (15. Nc7 $2 Qb6+) 15... Bxb4 (15... Qc6
16. Nxa7 $14) 16. Nc7 Qc6 17. Nxa8 {A curious position. Black will most likely
have one pawn for the exchange and a solid structure, but his delay in
development represents a serious problem. Aronian's dynamic play in the next
phase of the game is quite instructive.} b6 18. Rb1 $1 ({A more ambitious (and
probably more accurate) move order than:} 18. Nxb6 axb6 19. Rb1 Bc5 20. Bxc5
Qxc5+ 21. Kh1 Ba6 22. Qb3 Rb8 $44 {/+/=}) 18... Bc5 19. Bxc5 bxc5 (19... Qxc5+
20. Kh1 Bb7 (20... Ba6 {fails now to} 21. Qa4 $1 $16) 21. Rb5 Qc6 22. Nxb6 axb6
23. Qd4 $16) 20. Rb8 Bb7 21. Rxf8+ Kxf8 22. Qb3 $16 {/+- Black will inevitably
have two pawns for the exchange, but the opening of the b-file and the
previous rook exchange leave him with serious problems of coordination. His
bishop will be trapped and the back rank will be weak.} g6 23. Rb1 Bxa8 24.
Qb8+ Kg7 25. Qxa7 e3 26. Bf3 d5 (26... Ne4 27. Rb6 Qc8 (27... e2 28. Bxe2 $18)
28. Rb8 Qc6 29. Qxa8 $18) 27. Re1 (27. Rb6 $6 {leads to unnecessary
complications:} e2 28. Kf2 (28. Bxe2 Qe8 $1 $44) 28... Qe8 29. Ke1 Qe3) (27.
Rb8 $5 $18) 27... Qd6 28. Qxa8 d4 {The position is basically won for White,
but Black's far advanced pawns offer some chances to prolong the fight.
Aronian's play in the next phase of the game is more hesitant than it has been
until now.} 29. Qa3 Qxf4 30. Rf1 Qe5 31. Qd3 Qe8 32. g3 h5 33. Bg2 Qa4 34. a3
Qa5 35. Bf3 Qa6 36. Be2 Qa5 37. Qb1 Qd2 38. Qe1 (38. Qb7 $1 Qxe2 39. Qe7 Qxc4
40. Qxf6+ Kg8 41. Rb1 $18 {Golubev (Chess Today)}) 38... Qa2 39. g4 hxg4 (39...
Nxg4 $1 40. Bxg4 hxg4 $44) 40. Qg3 Qxe2 41. Qe5 $18 d3 42. Rxf6 Kh6 43. Rxf7
Qe1+ 44. Kg2 Qe2+ 45. Kg3 Qe1+ 46. Kxg4 Qg1+ 47. Kh3 1-0

[Event "RUS-ch 64th"]
[Site "Moscow"]
[Date "2011.08.11"]
[Round "4"]
[White "Kramnik, Vladimir"]
[Black "Nepomniachtchi, Ian"]
[Result "1-0"]
[WhiteElo "2781"]
[BlackElo "2711"]
[Annotator "Marin,M"]
[PlyCount "105"]
[EventDate "2011.08.08"]
[EventType "tourn"]
[EventRounds "7"]
[EventCountry "RUS"]
[EventCategory "19"]
[SourceTitle "CBM 144"]
[Source "ChessBase"]
[SourceDate "2011.09.16"]
[SourceVersion "1"]
[SourceVersionDate "2011.09.16"]
[SourceQuality "1"]

1. c4 c5 2. Nf3 Nc6 3. e3 e5 4. Nc3 Nf6 5. d4 {These lines with ...c5 and ...
e5 were subjected to intense testing during the Candidates' Matches in Khanty
Mansyisk (see also my theoretical survey published with CBM 143).} e4 6. Ne5 g6
7. Be2 $146 ({I had words of praise for} 7. Rb1 {, played in Kramnik,V (2785)
-Grischuk,A (2747)/Kazan 2011/CBM 143/[Marin] (1/2, 65), but, apparently, the
former World Champion has his own view.}) 7... Bg7 8. O-O O-O 9. b3 {Not
fearing any ghosts along the long diagonal, Kramnik decides that he can
develop normally, without the preparatory Ra1-b1.} ({In view of the possible
improvements for Black on the next move, I would think that} 9. Rb1 {deserves
serious attention, though. Let us check what could happen if Black plays as in
the game, or as in the lines recommended in the next comment.} {Finally, in
the event of the game plan:} cxd4 (9... Ne7 $2 {simply does not work now:} 10.
dxc5 Ne8 11. f4 ({In fact, even} 11. Nxf7 Rxf7 12. Nxe4 $44 {is playable,
since the rook is not hanging anymore.}) 11... exf3 12. Nxf3 $16 {This way of
saving the knight is possible only because its colleague is defended.}) (9...
Re8 {can be met with} 10. Nxc6 dxc6 11. dxc5 {, since there are no dangers
along the a1-h8 diagonal.} Nd7 12. Qc2 $1 (12. Na4 {places the knight on a
passive square and allows strong black counterplay on the opposite wing:} Qg5
13. b4 Ne5 14. Kh1 Bg4 $44) 12... Nxc5 (12... f5 13. b4 $16) 13. b4 Nd3 14.
Nxe4 Nxc1 15. Rfxc1 Bf5 16. Bd3 {Despite the engines' lack of enthusiasm, I
see that White has an extra pawn, without any obvious plan for Black to
compensate for it.}) 10. exd4 Re8 11. Bf4 d6 12. Nxc6 bxc6 {, the rook can be
useful on b1, too:} 13. b4 {(planning a4, b5, etc)} d5 $140 14. c5 $1 {
followed by b4-b5, with strong queenside initiative.}) 9... cxd4 $6 {
Nepomniachtchi wrongly assumes that, once b2-b3 has been played, the bishop
would automatically go to b2, so that the opening of the c1-h6 diagonal does
not bother him. Instead of this unnecessary concession, he had at least two
good alternatives.} (9... Ne7 $5 {leaves the e5-knight in some danger:} 10. Bb2
(10. dxc5 Ne8 11. Nxf7 Rxf7 {does not work out well for White. He will have to
lose some time to solve the pin before becoming active.}) (10. f3 {is a bit
artificial and offers Black good counterplay against the d4-pawn.} d6 11. Ng4
Nxg4 12. fxg4 Nc6 13. Nxe4 Re8 {A dream position for a Grünfeld player.}) 10...
d6 11. Ng4 Nxg4 12. Bxg4 Bxg4 13. Qxg4 f5 {Black has little to fear.}) ({
The immediate} 9... Re8 $1 {may be the simplest:} 10. Bb2 (10. Nxc6 dxc6 11.
dxc5 Nd7 $1 {[%cal Gg7a1] does not look right for White.}) 10... cxd4 11. exd4
d6 ({There is no real need for} 11... Nxe5 12. dxe5 Rxe5 13. Nb5 Re6 14. Qd2
$44 {with active play for White.}) 12. Nxc6 bxc6 {Compared with the game
position, this is a much better version for Black. The bishop is passive on b2,
being sort of dominated by its rival and failing to stabilise the centre (...
e4-e3 is a permanent threat).}) 10. exd4 Re8 11. Bf4 $1 (11. Nxc6 dxc6 {
would open the d-file for Black's counterplay. This would be just what a
Grünfeld specialist would hope for, in order to exert pressure against the
d4-pawn.}) 11... d6 12. Nxc6 bxc6 13. Rc1 $14 {Despite Black's space advantage,
White's play is easier. His structure is more flexible and he has the
possibility of building up a queenside attack.} d5 14. Qd2 ({Under the given
circumstances, the plan based on} 14. c5 {does not promise anything special
anymore:} a5 15. a3 Ba6 $11 {Black has solved most of his strategic problems.})
14... Ba6 15. Rfd1 Rc8 16. h3 {In the next phase of the game, Kramnik will be
restricting himself to half-waiting moves, as if he would not find a clear
plan. Maybe he hoped that his opponent would get bored of his passive position
and starts some premature counterplay. To a certain extent, the ulterior
course of the game will justify such an approach.} dxc4 {A first sign of
Black's impatience. By giving up the tension, he avoides being left with a
weak pawn on d5 and hopes to get some counterplay against White's central
pawns.} 17. bxc4 Nd7 (17... Qa5 18. Nxe4 ({This is not really necessary, since
the queen is not doing much on a5. The more neutral} 18. Qc2 Rcd8 19. Rb1 $14 {
/\Na4 also retains White's advantage.}) 18... Qxd2 19. Nxf6+ Bxf6 20. Rxd2 Rcd8
21. Rcd1 Bxd4 22. Rxd4 Rxd4 23. Rxd4 Rxe2 24. Bh6 f6 25. Rd7 $14) 18. Na4 $1 {
Possibly underestimated by Black.} Bf8 19. Bf1 (19. Rb1 $5 {/\Rb3}) 19... h5
20. Qc3 {A bit mysterious.} Qf6 21. Be3 c5 22. Qa5 {Now that pawn contact has
been established, Kramnik switches to dynamic mode.} (22. d5 $5 $14 {also
looks promising. The c5-pawn is a target, the a6-bishop is passive and the
d5-pawn can become dangerous in the event of mass simplifications.}) 22... cxd4
23. Bxd4 Qc6 24. Nc3 $1 {Re-centralising.} (24. Bxa7 $2 Re5 25. c5 $8 {[%csl
Ga4]} Bxf1 26. Rxf1 Rg5 $40 {[%cal Ge4e3,Gc8a8]}) 24... Bh6 (24... Bc5 25. Bxc5
Nxc5 26. Nb5 Bxb5 27. cxb5 Qb6 28. Qa3 $14) 25. Nd5 $5 {Quite imaginative.
Decades ago, I had come in contact with Petrosian's positional exchange
sacrifices and started carrying them out myself. More than once, I ignored
such threats as ...Bxc1, by making some active move on another sector of the
board. Subjectively, I like Kramnik's last move a lot, although objectively
the position did not require it really.} (25. Rc2 $14 {[%cal Gc3d5]}) 25...
Bxc1 26. Rxc1 $44 {White is strongly centralised and Black is poorly
coordinated and weak on the dark squares.} Bb7 $2 {This is the right time to
mention the psychological impact of the positional exchange sacrifice,
something Petrosian liked to speak about. Black has "won" an exchange for no
pawn, which may cause either some sort of euphoria or panic in front of 
(possibly illusory) threats. This depends on the player's character, of course.
With his last move, Black aims to regroup as soon as possible and exchange the
molesting knight. However, since ...Bxd5 is not a threat yet anyway, the move
order chosen by him is wrong.} (26... Qd6 $1 {is the only way to parry the
game threat under favourable circumstances.} 27. Bb2 Bb7 $1 {This is
well-timed now.} 28. Rd1 Bxd5 29. Rxd5 Qe7 30. Qc3 f6 31. Qe3 Nb6 32. Rd4 {
White has pressure on both wings and his bishops look threatening. From the
practical point of view, it may be not that pleasant to play with Black, since
there is no immediate way to release the pressure, for instance:} Rcd8 33. c5
$1 {based on} Qxc5 $4 34. Rxd8 Qxe3 35. Rxe8+ Kf7 36. fxe3 $18) 27. Qb4 $1 $16
{Suddenly, the threat of Ne7+ (attacking four pieces at the same time!) cannot
be parried adequately.} a5 28. Ne7+ Kf8 (28... Kh7 29. Qa3 $16) 29. Nxg6+ Kg8
30. Ne7+ Kf8 31. Ng6+ Kg8 32. Ne7+ Kf8 33. Nxc6+ axb4 34. Nxb4 Nc5 35. Rb1 $16
{White has two pawns for the exchange, an unchallenged dark-squared bishop,
and the safer king position. This is enough to claim a clear advantage.} Red8 (
35... Nd3 {has been recommended by Zagrebelny, but it fails to solve Black's
problems if White just ignores the knight.} 36. Be3 $1 (36. Nxd3 exd3 37. Bxd3
Be4 $11 {Zagrebelny}) 36... Red8 37. a4 (37. Nxd3 exd3 38. Rxb7 d2 39. Bxd2
Rxd2 $11) 37... Rd7 38. Bxd3 exd3 39. c5 {/\a5} d2 40. Rd1 $16) 36. Nc2 Ba8 (
36... Ba6 $5 $16 {[%csl Gb5] ><b5}) 37. Rb5 Nd3 38. Rxh5 $18 {White has some
material advantage already, while keeping all his previous trumps.} Ke8 (38...
Ke7 39. Ne3 $1 Rxd4 $2 40. Nf5+) (38... Rxc4 39. Bf6 $1 $18) 39. Bb6 Rd6 40. c5
{Consolidating the bishop and planning the advance of the a-pawn.} Rd5 41. Rh6
Rg5 (41... Nxc5 42. Rh8+ Kd7 43. Bb5+ Bc6 44. Rxc8 Kxc8 45. Bxc6 Rd6 46. Nb4
Nd3 47. Nd5 $1 $18) 42. Nd4 Rg6 (42... Nxc5 43. Rh8+ Kd7 44. Bb5+ $18) 43. Rh5
Ke7 44. a4 Nf4 45. Re5+ Kf8 46. g3 Nd3 47. Rh5 Kg8 48. a5 Re8 49. a6 Re5 50.
Rxe5 Nxe5 51. Bb5 e3 52. a7 Kf8 53. Bc7 (53. Bc7 {The knight is sort of
trapped.} f6 $8 54. Kf1 $5 {Not the only move, but the simplest one. The
e3-pawn is neutralised and the strength of the threat f2-f4 is increased, by
avoiding ...Rxg3+.} exf2 55. Bxe5 fxe5 56. c6 Ke7 57. c7 Rg8 58. Nf5+ {It
appears that preventing Nd6 with} Ke6 {drops material to} 59. Bc4+ Bd5 60.
Bxd5+ Kxd5 61. Ne7+) 1-0